[Event "BCF-chT2 0102 (4NCL)"]
[Site "Birmingham"]
[Date "2002.05.06"]
[Round "11.1"]
[White "McMichael, Richard"]
[Black "Mack, Andrew"]
[Result "1/2-1/2"]
[WhiteElo "2265"]
[BlackElo "2275"]
[PlyCount "29"]
[EventDate "2001.09.22"]
[EventType "team-tourn"]
[EventRounds "11"]
[EventCountry "ENG"]
[SourceTitle "EXT 2003"]
[Source "ChessBase"]
[SourceDate "2002.11.25"]
[SourceVersion "1"]
[SourceVersionDate "2002.11.25"]
[SourceQuality "1"]
[WhiteTeam "Kings Head"]
[BlackTeam "Barbican III"]
[WhiteTeamCountry "ENG"]
[BlackTeamCountry "ENG"]

1. c4 g6 2. Nc3 Bg7 3. g3 d6 4. Bg2 e5 5. d3 Nc6 6. e4 Nf6 7. Nge2 0-0 8. 0-0 Be6 9. h3 Qd7 10. Kh2 Ne8 11. f4 f5 12. exf5 gxf5 13. Nd5 Nd8 14. d4 e4 15. Ne3 1/2-1/2

[Event "BCF-chT2 0102 (4NCL)"]
[Site "Birmingham"]
[Date "2002.05.04"]
[Round "9.3"]
[White "Bates, Richard"]
[Black "Mack, Andrew"]
[Result "1-0"]
[WhiteElo "2358"]
[BlackElo "2275"]
[PlyCount "63"]
[EventDate "2001.09.22"]
[EventType "team-tourn"]
[EventRounds "11"]
[EventCountry "ENG"]
[SourceTitle "EXT 2003"]
[Source "ChessBase"]
[SourceDate "2002.11.25"]
[SourceVersion "1"]
[SourceVersionDate "2002.11.25"]
[SourceQuality "1"]
[WhiteTeam "Richmond"]
[BlackTeam "Barbican III"]
[WhiteTeamCountry "ENG"]
[BlackTeamCountry "ENG"]

1. d4 Nf6 2. Nf3 g6 3. c4 Bg7 4. g3 0-0 5. Bg2 d6 6. 0-0 c6 7. Nc3 Bf5 8. Be3 Ne4 9. Nxe4 Bxe4 10. Qd2 Nd7 11. Bh3 Bxf3 12. exf3 d5 13. cxd5 cxd5 14. Rfc1 e6 15. a4 a5 16. b4 Nb6 17. Bf1 Nc8 18. Rc5 axb4 19. Qxb4 Nd6 20. Rac1 Bf6 21. Rc7 e5 22. dxe5 Bxe5 23. f4 Bg7 24. Bb6 Qf6 25. Rd7 Nc4 26. Bxc4 dxc4 27. Rxc4 Rfc8 28. Rxc8+ Rxc8 29. Be3 Re8 30. Rxb7 Qa1+ 31. Kg2 Qa2 32. Qb3 1-0

[Event "BCF-chT3c 0001 (4NCL) Promotion pool"]
[Site "Birmingham"]
[Date "2001.05.07"]
[Round "11.3"]
[White "Lyell, Mark"]
[Black "Mack, Andrew"]
[Result "1/2-1/2"]
[WhiteElo "2224"]
[BlackElo "2261"]
[PlyCount "82"]
[EventDate "2000.11.26"]
[EventType "team-tourn"]
[EventRounds "4"]
[EventCountry "ENG"]
[SourceTitle "EXT 2002"]
[Source "ChessBase"]
[SourceDate "2001.11.25"]
[SourceVersion "1"]
[SourceVersionDate "2001.11.25"]
[SourceQuality "1"]
[WhiteTeam "Beeson Gregory III"]
[BlackTeam "Barbican III"]
[WhiteTeamCountry "ENG"]
[BlackTeamCountry "ENG"]

1. e4 e6 2. d4 d5 3. e5 c5 4. c3 Qb6 5. Nf3 Nc6 6. a3 c4 7. Nbd2 f6 8. Be2 Qc7 9. exf6 Nxf6 10. 0-0 Bd6 11. Re1 0-0 12. Nf1 Bd7 13. Be3 Kh8 14. Ng5 e5 15. dxe5 Nxe5 16. Qc2 h6 17. Nf3 Nfg4 18. Nxe5 Bxe5 19. Bxg4 Bxg4 20. Qd2 Qd6 21. Bc5 Qxc5 22. Rxe5 Rf5 23. Rae1 Raf8 24. Rxf5 Bxf5 25. Qe3 Qxe3 26. Rxe3 Rd8 27. Re5 Bg6 28. Ne3 d4 29. cxd4 Rxd4 30. f3 Rd2 31. Nxc4 Rc2 32. b3 Bd3 33. Re7 b5 34. Ne5 Rc3 35. Rxa7 Rxb3 36. Nxd3 Rxd3 37. Kf2 Rd2+ 38. Kg3 Rb2 39. f4 b4 40. axb4 Rxb4 41. h3 Kh7 1/2-1/2

[Event "BCF-chT 0001 (4NCL)"]
[Site "Birmingham"]
[Date "2001.05.05"]
[Round "9.7"]
[White "Mack, Andrew"]
[Black "McDonald, Neil R"]
[Result "1-0"]
[WhiteElo "2261"]
[BlackElo "2436"]
[PlyCount "123"]
[EventDate "2000.09.??"]
[EventType "team-tourn"]
[EventRounds "11"]
[EventCountry "ENG"]
[SourceTitle "EXT 2002"]
[Source "ChessBase"]
[SourceDate "2001.11.25"]
[SourceVersion "1"]
[SourceVersionDate "2001.11.25"]
[SourceQuality "1"]
[WhiteTeam "Barbican II"]
[BlackTeam "IND"]
[WhiteTeamCountry "ENG"]
[BlackTeamCountry "ENG"]

1. e4 e6 2. d4 d5 3. Nc3 Bb4 4. Bd3 dxe4 5. Bxe4 Nf6 6. Bd3 Nbd7 7. Nf3 c5 8. 0-0 Bxc3 9. bxc3 Qc7 10. Re1 b6 11. Ne5 Nxe5 12. dxe5 Nd5 13. Qg4 Bb7 14. Bb5+ Kf8 15. Qh3 h6 16. a4 Kg8 17. Bd2 Rd8 18. Bd3 c4 19. Be4 Ne7 20. Bxb7 Qxb7 21. Be3 Rd5 22. Bd4 Nf5 23. Re4 Qd7 24. Qf3 Nxd4 25. cxd4 Rxd4 26. Rxd4 Qxd4 27. Re1 Qd2 28. Qe4 g6 29. h4 Kg7 30. Re3 Rd8 31. Qf4 Rd7 32. Qf6+ Kg8 33. c3 a6 34. Rg3 Qc2 35. Qf4 Rd1+ 36. Kh2 Qc1 37. Re3 Rh1+ 38. Kg3 Qg1 39. Qxc4 Qh2+ 40. Kf3 Qxh4 41. Qxa6 Qh5+ 42. Kg3 Qg5+ 43. Kf3 Rh2 44. Ke2 Qg4+ 45. Rf3 Qe4+ 46. Kd2 Qd5+ 47. Qd3 Qxd3+ 48. Kxd3 Rxg2 49. Kc4 h5 50. Kb5 g5 51. Kxb6 g4 52. Rf4 f5 53. exf6 g3 54. fxg3 Rxg3 55. Rc4 h4 56. Rxh4 Rxc3 57. Rb4 Kf7 58. a5 Kxf6 59. a6 Ra3 60. a7 e5 61. Rb5 Rxa7 62. Kxa7 1-0

[Event "BCF-chT3b 0001 (4NCL)"]
[Site "Birmingham"]
[Date "2001.01.28"]
[Round "6.2"]
[White "Stevenson, James"]
[Black "Mack, Andrew"]
[Result "1/2-1/2"]
[WhiteElo "2136"]
[BlackElo "2261"]
[PlyCount "56"]
[EventDate "2000.11.26"]
[EventType "team-tourn"]
[EventRounds "7"]
[EventCountry "ENG"]
[SourceTitle "EXT 2002"]
[Source "ChessBase"]
[SourceDate "2001.11.25"]
[SourceVersion "1"]
[SourceVersionDate "2001.11.25"]
[SourceQuality "1"]
[WhiteTeam "Athenaeum"]
[BlackTeam "Barbican III"]
[WhiteTeamCountry "ENG"]
[BlackTeamCountry "ENG"]

1. e4 e6 2. d4 d5 3. Nc3 Bb4 4. e5 Ne7 5. a3 Bxc3+ 6. bxc3 c5 7. a4 Bd7 8. Nf3 Qa5 9. Qd2 Nbc6 10. Bd3 c4 11. Be2 f6 12. 0-0 0-0 13. Ba3 Rf7 14. Rfb1 b6 15. Bf1 Ng6 16. Bd6 Kh8 17. Re1 Rg8 18. g3 fxe5 19. Nxe5 Ncxe5 20. dxe5 Qa6 21. Bh3 Ne7 22. Bb4 Nf5 23. a5 b5 24. Bxf5 Rxf5 25. f4 Qc8 26. Qd4 a6 27. Rad1 Qe8 28. Rd2 Qf7 1/2-1/2